ბათუმის შოთა რუსთაველის სახელმწიფო უნივერსიტეტის ბიბლიოთეკა

ფიზიკა (ბიბ.ჩანაწერი № 44689)

000 -LEADER
fixed length control field 01172nam a2200205Ia 4500
001 - CONTROL NUMBER
control field 11493
003 - CONTROL NUMBER IDENTIFIER
control field GE_BSU
008 - FIXED-LENGTH DATA ELEMENTS--GENERAL INFORMATION
fixed length control field 181216s||||||||xx |||||||||||||| ||und||
040 ## - CATALOGING SOURCE
Transcribing agency GE_BSU
100 ## - MAIN ENTRY--PERSONAL NAME
Personal name გამცემლიძე,გ; დევიძე,გ; ცირეკიძე,ა.
245 ## - TITLE STATEMENT
Title ფიზიკა
245 ## - TITLE STATEMENT
Remainder of title სახელმძღვ.უმაღლ.სასწავლებლების მოსამზად.განყოფილების მსმენელებისა და აბიტურიენტებისათვის.
245 ## - TITLE STATEMENT
Statement of responsibility, etc. რედ:გ.გამცემლიძე; მხატვ:ო.ვარვარიძე.
260 ## - PUBLICATION, DISTRIBUTION, ETC.
Place of publication, distribution, etc. თბილისი
260 ## - PUBLICATION, DISTRIBUTION, ETC.
Name of publisher, distributor, etc. თბილისის უნ-ტის გამ-ბა.
260 ## - PUBLICATION, DISTRIBUTION, ETC.
Date of publication, distribution, etc. 1986
300 ## - PHYSICAL DESCRIPTION
Extent 573გვ;22სმ.ილ.
653 ## - INDEX TERM--UNCONTROLLED
Uncontrolled term ფიზიკა.სახელმძღვ.უმაღლ.სასწავლებლების მოსამზად.განყოფილების მსმენელებისა და აბიტურიენტებისათვის.
942 ## - ADDED ENTRY ELEMENTS (KOHA)
Koha item type წიგნი
ეგზემპლარები
Withdrawn status Lost status Damaged status Not for loan Date acquired Barcode Date last seen Price effective from Koha item type
        2018-12-17 20242 2018-12-17 2018-12-17 წიგნი
        2018-12-17 20241 2018-12-17 2018-12-17 წიგნი
        2018-12-17 20240 2018-12-17 2018-12-17 წიგნი
        2018-12-17 20239 2018-12-17 2018-12-17 წიგნი